[Event "Budapest FS08 GM"]
[Site "Budapest"]
[Date "2002.08.11"]
[Round "9"]
[White "Rajlich, Vasik G"]
[Black "Chernyshov, Konstantin"]
[Result "0-1"]
[WhiteElo "2338"]
[BlackElo "2518"]
[PlyCount "64"]
[EventDate "2002.08.03"]
[Source "ChessBase"]
[SourceDate "2002.09.11"]

1. e4 e6 2. d4 b6 3. Bd3 Bb7 4. Nf3 d6 5. c4 Nd7 6. Nc3 g6 7. O-O Bg7 8. Be3 Ne7 9. Qd2 h6 10. b4 g5 11. d5 e5 12. h3 O-O 13. Rfe1 f5 14. exf5 Nxf5 15. Qc2 Nxe3 16. fxe3 Nf6 17. Bf5 Bc8 18. Bxc8 Qxc8 19. Rf1 a5 20. bxa5 Rxa5 21. Nd2 Ra3 22. Rae1 g4 23. Nb5 Ra5 24. hxg4 Qxg4 25. Rf3 e4 26. Rf4 Qh5 27. Nxe4 Ng4 28. Rxf8+ Kxf8 29. g3 Kg8 30. Re2 Ra8 31. Nxc7 Rf8 32. Ne6 Rf1+ 0-1

[Event "57th Greek Men Championship"]
[Site "Igoumenitsa"]
[Date "2007.12.05"]
[Round "5.5"]
[White "Hadzimanolis, Antonios"]
[Black "Nikolaidis, Ioannis"]
[Result "0-1"]
[WhiteElo "2329"]
[BlackElo "2525"]
[PlyCount "68"]
[EventDate "2007.??.??"]
[Source "www.chesslib.no"]
[SourceDate "2004.05.04"]

1. e4 e6 2. d4 d5 3. Bd3 dxe4 4. Bxe4 c5 5. Ne2 Nf6 6. Bf3 Nc6 7. Be3 Nd5 8. Nbc3 Nxe3 9. fxe3 cxd4 10. exd4 g6 11. Qd2 Bg7 12. O-O-O O-O 13. h4 h6 14. g4 Bd7 15. g5 h5 16. Ne4 Rc8 17. Rdf1 e5 18. d5 Nd4 19. Nxd4 exd4 20. Nf6+ Bxf6 21. gxf6 Qxf6 22. Bxh5 Qe5 23. Bd1 Rc5 24. h5 g5 25. Rhg1 Rxd5 26. Bf3 Rc5 27. b4 d3 28. Rxg5+ Qxg5 29. bxc5 Qxc5 30. h6 Kh8 31. c3 Bf5 32. Bd1 Bg6 33. Bb3 Re8 34. Re1 Qa3+ 0-1

[Event "Classics GM"]
[Site "Gausdal"]
[Date "2003.04.08"]
[Round "7"]
[White "Bluvshtein, Mark"]
[Black "Kristjansson, Stefan"]
[Result "1/2-1/2"]
[WhiteElo "2451"]
[BlackElo "2403"]
[PlyCount "55"]
[EventDate "2003.04.03"]
[Source "Roberto Alvarez"]
[SourceDate "2003.04.28"]

1. e4 e6 2. d4 d5 3. Bd3 dxe4 4. Bxe4 Nf6 5. Bf3 c5 6. Ne2 Nc6 7. Be3 e5 8. Bxc6+ bxc6 9. c3 Ng4 10. O-O cxd4 11. cxd4 Nxe3 12. fxe3 Be7 13. dxe5 Ba6 14. Qxd8+ Rxd8 15. Kf2 Rd5 16. Rc1 Bc5 17. b4 Bb6 18. a4 Kd7 19. Ra3 Rxe5 20. Rd1+ Kc7 21. Nd4 Rd8 22. Rc3 Rf5+ 23. Nxf5 Rxd1 24. b5 Rxb1 25. Rxc6+ Kd7 26. Rd6+ Kc7 27. Rc6+ Kd7 28. Rd6+ 1/2-1/2

[Event "Harmonie Open A"]
[Site "Groningen NED"]
[Date "2007.12.22"]
[Round "2"]
[White "De Jong, M."]
[Black "Li Shilong"]
[Result "0-1"]
[WhiteElo "2341"]
[BlackElo "2509"]
[PlyCount "140"]
[EventDate "2007.12.21"]
[Source "www.chesslib.no"]
[SourceDate "2004.05.04"]

1. e4 e6 2. d4 d5 3. Bd3 c5 4. exd5 exd5 5. dxc5 Bxc5 6. Nf3 Nf6 7. O-O O-O 8. Nc3 h6 9. h3 Nc6 10. Bf4 Be6 11. Na4 Be7 12. Be3 Qa5 13. Nc3 Rad8 14. Nd4 Rfe8 15. Nce2 Bd6 16. c3 Bb8 17. Nxc6 bxc6 18. b4 Qc7 19. Bf4 Qb6 20. Bxb8 Rxb8 21. Nd4 c5 22. bxc5 Qxc5 23. Qd2 Ne4 24. Bxe4 dxe4 25. Nxe6 Rxe6 26. Rab1 Rc8 27. Rb7 a5 28. Qf4 Rf6 29. Qxe4 Qxc3 30. Rd1 g6 31. Rbd7 Kg7 32. Qd4 Qxd4 33. R7xd4 Rc2 34. R1d2 Rxd2 35. Rxd2 Rf4 36. Rd3 Kf6 37. Kf1 Re4 38. f3 Ra4 39. a3 Ke5 40. Kf2 h5 41. Ke3 h4 42. Rb3 g5 43. Rb5+ Kf6 44. Rb3 Kf5 45. Rb5+ Kg6 46. Rb3 f6 47. Rc3 Kf7 48. Rc7+ Ke6 49. Rc6+ Ke5 50. Rc5+ Kd6 51. Rc3 Kd5 52. Kd3 Rd4+ 53. Ke3 Rc4 54. Rd3+ Ke6 55. Kf2 Rc2+ 56. Kg1 Ra2 57. Kh2 a4 58. Kg1 Ke5 59. Kh2 f5 60. Rc3 Kd4 61. Rc8 Rxa3 62. Rg8 Rc3 63. Rxg5 a3 64. Rxf5 Rc2 65. Ra5 a2 66. f4 Kc3 67. f5 Kb2 68. Rb5+ Kc1 69. Ra5 Kb1 70. Rb5+ Rb2 0-1

[Event "Montpellier"]
[Site "Montpellier FRA"]
[Date "1988.??.??"]
[Round "15"]
[White "Hebden, Mark L"]
[Black "Bricard, Emmanuel"]
[Result "1-0"]
[WhiteElo "2475"]
[BlackElo "2365"]
[PlyCount "70"]
[EventDate "1988.03.??"]
[Source "www.chesslib.no"]
[SourceDate "2004.05.04"]

1. e4 e6 2. d4 d6 3. Nc3 a6 4. Nf3 b5 5. Bd3 Bb7 6. O-O Nd7 7. Re1 c5 8. a3 cxd4 9. Nxd4 Ngf6 10. Qf3 g6 11. Qh3 e5 12. Nf3 h6 13. Bd2 Bg7 14. Nh4 O-O 15. a4 Bc8 16. axb5 Nc5 17. Qf3 Nh7 18. Qg3 Nxd3 19. cxd3 Nf6 20. Qf3 Nh7 21. g3 Ng5 22. Qe2 Kh7 23. Nd5 f5 24. f3 f4 25. b6 Bb7 26. Nc7 Rb8 27. Rac1 d5 28. Ba5 dxe4 29. dxe4 Qf6 30. Red1 fxg3 31. hxg3 Nxf3+ 32. Nxf3 Qxf3 33. Qxf3 Rxf3 34. Ne6 Rf6 35. Rc7 Rxe6 1-0

[Event "Oberwart op"]
[Site "?"]
[Date "2000.??.??"]
[Round "4"]
[White "Stanec Nikolaus"]
[Black "Lendwai Reinhard"]
[Result "1-0"]
[WhiteElo "2479"]
[BlackElo "2361"]
[PlyCount "83"]
[EventDate "2000.??.??"]
[Source "www.chesslib.no"]
[SourceDate "2004.05.04"]

1. e4 e6 2. d4 c5 3. c3 Nf6 4. Bd3 Nc6 5. e5 Nd5 6. Nf3 cxd4 7. cxd4 Qb6 8. Nc3 Bb4 9. O-O Nxc3 10. bxc3 Bxc3 11. Rb1 Qd8 12. Be4 a5 13. Qd3 Bb4 14. d5 exd5 15. Qxd5 Be7 16. Rd1 O-O 17. Be3 Ra6 18. Qb5 Qc7 19. Bb6 Qb8 20. Bc5 Bxc5 21. Qxc5 Re8 22. Rd6 Qc7 23. Bd3 Ra8 24. Qc4 Qd8 25. Qe4 g6 26. Qf4 Qe7 27. Bc4 b5 28. Bd5 Ra6 29. Re1 Nd8 30. h4 Qf8 31. Rxa6 Bxa6 32. h5 Bb7 33. Bxb7 Nxb7 34. Qd2 Nc5 35. Qxa5 Ra8 36. Qxb5 Rxa2 37. Rc1 Ne6 38. hxg6 hxg6 39. Qxd7 Kg7 40. Nd4 Nc5 41. Rxc5 Ra1+ 42. Kh2 1-0

[Event "Politiken Cup"]
[Site "Copenhagen DEN"]
[Date "1981.??.??"]
[Round "3"]
[White "Evans, Larry D"]
[Black "Karlsson, Lars C-G"]
[Result "0-1"]
[WhiteElo "2370"]
[BlackElo "2465"]
[PlyCount "80"]
[EventDate "1981.??.??"]
[Source "www.chesslib.no"]
[SourceDate "2004.05.04"]

1. e4 e6 2. d4 a6 3. Bd3 b5 4. Nf3 Bb7 5. O-O c5 6. c3 Nf6 7. Qe2 Be7 8. Nbd2 Nc6 9. dxc5 Bxc5 10. b4 Be7 11. a4 Na7 12. Nd4 O-O 13. axb5 Nxb5 14. Nxb5 axb5 15. Bb2 Qb6 16. Bxb5 Nxe4 17. Nxe4 Bxe4 18. Bxd7 Bxg2 19. Kxg2 Rxa1 20. Rxa1 Qb7+ 21. Qf3 Qxd7 22. Ra8 Qd2 23. Rxf8+ Bxf8 24. Ba3 g6 25. Qe3 Qd5+ 26. Qf3 Qc4 27. h3 Bd6 28. Qf6 Qd5+ 29. Qf3 Qg5+ 30. Qg4 Qd5+ 31. Qf3 Qc4 32. Qf6 Qc7 33. Bb2 Be5 34. Qf3 Qc4 35. Qe3 Bf6 36. Qf3 Kg7 37. Qe3 h5 38. Qf3 Bg5 39. Qd1 e5 40. Qf3 Bd2 0-1

[Event "Lublin"]
[Site "Lublin POL"]
[Date "1972.??.??"]
[Round "?"]
[White "Alburt, Lev O"]
[Black "Pytel, Krzysztof"]
[Result "1/2-1/2"]
[WhiteElo "2450"]
[BlackElo "2380"]
[PlyCount "25"]
[EventDate "1972.??.??"]
[Source "www.chesslib.no"]
[SourceDate "2004.05.04"]

1. e4 e6 2. d4 d5 3. Bd3 Nc6 4. exd5 exd5 5. Qe2+ Qe7 6. c3 Bg4 7. Qxe7+ Ngxe7 8. Bf4 O-O-O 9. Ne2 Bf5 10. Bxf5+ Nxf5 11. Ng3 Nxg3 12. Bxg3 Bd6 13. Nd2 1/2-1/2

[Event "Welsh International"]
[Site "Newport"]
[Date "2004.01.08"]
[Round "2"]
[White "Howell, David"]
[Black "Miezis, Normunds"]
[Result "0-1"]
[WhiteElo "2304"]
[BlackElo "2525"]
[PlyCount "138"]
[EventDate "2004.01.07"]
[Source "Roberto Alvarez"]
[SourceDate "2004.01.19"]

1. e4 e6 2. d4 b6 3. Bd3 Bb7 4. c3 Nf6 5. Nd2 c5 6. Ngf3 cxd4 7. cxd4 Nc6 8. a3 Be7 9. O-O O-O 10. Re1 d5 11. e5 Nd7 12. Nf1 Re8 13. Ng3 Nf8 14. Nh5 Rc8 15. g3 Rc7 16. h4 f6 17. exf6 Bxf6 18. Bf4 Rf7 19. Ne5 Bxe5 20. dxe5 Kh8 21. Rc1 Qd7 22. Bb5 a6 23. Bxc6 Bxc6 24. Qd4 Ba8 25. Bd2 Qd8 26. Nf4 Nd7 27. Bb4 Nb8 28. Bd6 Nc6 29. Qd3 d4 30. Nh3 h6 31. f4 Ne7 32. Rc7 Ref8 33. Kh2 Nf5 34. Rxf7 Rxf7 35. Rc1 Bb7 36. g4 Nxd6 37. Qxd4 Rd7 38. Rd1 Bf3 39. Rd3 Bxg4 40. exd6 Bf5 41. Rg3 Qxh4 42. Kg2 Qd8 43. Nf2 Qa8+ 44. Kh2 Qc6 45. Nd3 Qxd6 46. Qxd6 Rxd6 47. Ne5 Rd4 48. Rb3 b5 49. Rb4 Rd2+ 50. Kg3 Bc2 51. Nc6 Rd6 52. Ne5 Kh7 53. Kf3 Rd5 54. Nc6 Rd6 55. Ne5 Rd1 56. Nc6 Rd3+ 57. Ke2 Rd6 58. Ne5 g5 59. Kf2 Kg7 60. Kg3 Rd5 61. Nc6 Rd3+ 62. Kg2 Bb3 63. Ne5 Rd2+ 64. Kg3 Bd5 65. fxg5 hxg5 66. Kg4 Rg2+ 67. Kh5 Kf6 68. Ng4+ Ke7 69. Ne5 Re2 0-1

[Event "2. GM"]
[Site "?"]
[Date "2005.02.04"]
[Round "4"]
[White "Paridar Shadi"]
[Black "Gleizerov Evgeny"]
[Result "0-1"]
[WhiteElo "2274"]
[BlackElo "2550"]
[PlyCount "114"]
[EventDate "2005.??.??"]
[Source "www.chesslib.no"]
[SourceDate "2004.05.04"]

1. e4 e6 2. d4 d5 3. Bd3 c5 4. c3 cxd4 5. cxd4 dxe4 6. Bxe4 Nf6 7. Bc2 Be7 8. Nf3 O-O 9. O-O b6 10. Nc3 Nc6 11. a3 Ba6 12. Re1 Rc8 13. Bg5 h6 14. Be3 Nd5 15. Nd2 Nxe3 16. fxe3 Kh8 17. Nf3 Bd6 18. Qd2 Qe7 19. Qf2 Bb7 20. Nh4 Qc7 21. g3 Ne7 22. Be4 Qd7 23. Rf1 Ba6 24. Rfd1 Kg8 25. Rac1 Rc7 26. Bd3 Bxd3 27. Rxd3 Nd5 28. e4 Nxc3 29. Rdxc3 Rxc3 30. Rxc3 e5 31. Kg2 Qg4 32. Qf3 Qxf3+ 33. Nxf3 exd4 34. Rc4 Re8 35. Rxd4 Re6 36. Kf1 Kf8 37. a4 Bc5 38. Rc4 a5 39. g4 Ke7 40. Ke2 Rd6 41. Ne1 h5 42. g5 h4 43. h3 Rg6 44. Nf3 f6 45. gxf6+ Kxf6 46. Nxh4 Rh6 47. Nf3 Rxh3 48. e5+ Kf5 49. e6 Rh6 50. e7 Re6+ 51. Kd2 Rxe7 52. Nh4+ Kf6 53. Rg4 g5 54. Nf3 Be3+ 55. Kd3 Bc1 56. Kc2 Bf4 57. Nd4 Rd7 0-1

[Event "Open"]
[Site "?"]
[Date "2004.07.16"]
[Round "8"]
[White "Fedorchuk Sergey A"]
[Black "Michiels Rob"]
[Result "1-0"]
[WhiteElo "2569"]
[BlackElo "2248"]
[PlyCount "31"]
[EventDate "2004.??.??"]
[Source "www.chesslib.no"]
[SourceDate "2004.05.04"]

1. e4 e6 2. d4 b6 3. Bd3 Bb7 4. Nf3 c5 5. Nbd2 cxd4 6. Nxd4 d5 7. Bb5+ Nd7 8. Nc6 Qg5 9. Nf3 Qg4 10. O-O Qxe4 11. Re1 Qxe1+ 12. Qxe1 a6 13. Ba4 Nc5 14. Na5+ Nxa4 15. Nxb7 Rb8 16. b3 1-0

[Event "Gausdal Classics GM"]
[Site "Gausdal"]
[Date "2002.04.16"]
[Round "7"]
[White "Bluvshtein, Mark"]
[Black "Arkell, Keith C"]
[Result "1-0"]
[WhiteElo "2354"]
[BlackElo "2463"]
[PlyCount "65"]
[EventDate "2002.04.11"]
[Source "ChessBase"]
[SourceDate "2002.05.03"]

1. d4 e6 2. e4 d5 3. Bd3 dxe4 4. Bxe4 Nf6 5. Bf3 c5 6. Ne2 Nc6 7. Be3 Nd5 8. Bxd5 Qxd5 9. Nbc3 Qc4 10. b3 Qa6 11. dxc5 Be7 12. Qd3 Nb4 13. Qe4 Qa3 14. O-O f5 15. Qc4 Nxc2 16. Nb5 Nxe3 17. fxe3 Qa5 18. b4 Qd8 19. Rad1 Bd7 20. Nd6+ Bxd6 21. Rxd6 Qe7 22. Rfd1 Rd8 23. b5 Qg5 24. c6 Qxe3+ 25. Kh1 bxc6 26. bxc6 O-O 27. Rxd7 Rc8 28. Qd4 Qg5 29. Qe5 Rxc6 30. Nd4 Rc1 31. Nxe6 Rxd1+ 32. Rxd1 Qf6 33. Qd5 1-0

[Event "Vienna Waehring op-A"]
[Site "?"]
[Date "1998.??.??"]
[Round "7"]
[White "Balinov Ilija"]
[Black "Bawart Markus"]
[Result "1-0"]
[WhiteElo "2485"]
[BlackElo "2330"]
[PlyCount "91"]
[EventDate "1998.??.??"]
[Source "www.chesslib.no"]
[SourceDate "2004.05.04"]

1. e4 e6 2. d4 b6 3. Nf3 Bb7 4. Bd3 Nf6 5. Nbd2 c5 6. c3 cxd4 7. cxd4 Ba6 8. Bxa6 Nxa6 9. O-O Nc7 10. d5 exd5 11. e5 Ng4 12. Nb3 d6 13. Re1 Nxe5 14. Nxe5 dxe5 15. Rxe5+ Be7 16. Nd4 Qd6 17. Bf4 g6 18. Qa4+ Qd7 19. Qxd7+ Kxd7 20. Rxe7+ Kxe7 21. Bxc7 Kd7 22. Be5 Rhe8 23. Bf6 Rac8 24. Rd1 Rc5 25. Kf1 a6 26. Nb3 Rc6 27. Rxd5+ Ke6 28. Re5+ Kd7 29. Rxe8 Kxe8 30. Bc3 f5 31. Ke2 Kf7 32. Nd4 Rc8 33. Kd3 Rc7 34. a4 Rc8 35. a5 bxa5 36. Bxa5 Rc1 37. h4 Rg1 38. g3 Rf1 39. Ke2 Ra1 40. Bc3 a5 41. Nb3 Ra2 42. Nxa5 Ke6 43. Kd3 Kd5 44. Nb3 Ra4 45. Ke3 Re4+ 46. Kf3 1-0

[Event "Closed IM"]
[Site "Montecatini Terme"]
[Date "2004.11.11"]
[Round "7"]
[White "Bontempi, Piero"]
[Black "Djuric, Stefan"]
[Result "0-1"]
[WhiteElo "2334"]
[BlackElo "2479"]
[PlyCount "108"]
[EventDate "2004.11.06"]
[Source "Roberto Alvarez"]
[SourceDate "2004.11.22"]

1. e4 e6 2. d4 d5 3. Bd3 dxe4 4. Bxe4 Nf6 5. Bd3 Nbd7 6. Nf3 b6 7. O-O Bb7 8. Re1 Be7 9. Nbd2 O-O 10. Nf1 c5 11. c3 cxd4 12. cxd4 Bb4 13. Re3 h6 14. Ne5 Bd6 15. Qe2 Qc7 16. Bd2 Rad8 17. Rc1 Qb8 18. Re1 Rfe8 19. Rg3 Kf8 20. h3 a6 21. Nh2 b5 22. Nhg4 Nh5 23. Nxf7 Nxg3 24. fxg3 Kxf7 25. Nxh6+ gxh6 26. Qh5+ Ke7 27. Qxh6 Ne5 28. Qg7+ Nf7 29. Bg5+ Kd7 30. Qxf7+ Kc6 31. Be4+ Kb6 32. Bxd8+ Rxd8 33. Bxb7 Qxb7 34. Qxe6 Qg7 35. Re3 Qxd4 36. Kh2 Rf8 37. Re4 Qc5 38. b4 Qc6 39. Kg1 Bxg3 40. Qxc6+ Kxc6 41. Re6+ Kd5 42. Rg6 Bd6 43. h4 Rh8 44. g3 Bxb4 45. Rxa6 Bd6 46. Kf2 Rf8+ 47. Ke2 Bxg3 48. h5 Bd6 49. Ra5 Kc4 50. Ra6 Bc5 51. Ke1 Kd3 52. a3 b4 53. Re6 Bf2+ 54. Kf1 b3 0-1

[Event "Classics GM"]
[Site "Gausdal"]
[Date "2003.04.11"]
[Round "11"]
[White "Bluvshtein, Mark"]
[Black "Westerinen, Heikki"]
[Result "1-0"]
[WhiteElo "2451"]
[BlackElo "2360"]
[PlyCount "85"]
[EventDate "2003.04.03"]
[Source "Roberto Alvarez"]
[SourceDate "2003.04.28"]

1. d4 e6 2. e4 d5 3. Bd3 dxe4 4. Bxe4 Nf6 5. Bf3 Be7 6. Ne2 O-O 7. O-O c5 8. dxc5 Bxc5 9. Qxd8 Rxd8 10. Nbc3 Nc6 11. Bf4 Bd7 12. Rad1 Be8 13. a3 a6 14. Ne4 Nxe4 15. Bxe4 Rac8 16. b4 Ba7 17. c4 f6 18. Be3 Bxe3 19. fxe3 Rxd1 20. Rxd1 Bh5 21. Kf2 Kf8 22. Rd7 Ne5 23. Rxb7 Rxc4 24. Nd4 Bf7 25. h3 f5 26. Bb1 f4 27. exf4 Rxd4 28. fxe5 Rd2+ 29. Ke3 Rxg2 30. Kd4 Rd2+ 31. Kc5 Be8 32. Kb6 Rh2 33. Ra7 Bb5 34. a4 Bxa4 35. Rxa6 Be8 36. Be4 Rxh3 37. b5 Bxb5 38. Kxb5 Re3 39. Ra4 Ke7 40. Kc5 Rc3+ 41. Kd4 Rh3 42. Ra7+ Kf8 43. Bd3 1-0

[Event "Open"]
[Site "?"]
[Date "1998.03.21"]
[Round "1"]
[White "Kogan Artur"]
[Black "Vojko Zorman"]
[Result "0-1"]
[WhiteElo "2505"]
[BlackElo "2305"]
[PlyCount "90"]
[EventDate "1998.??.??"]
[Source "www.chesslib.no"]
[SourceDate "2004.05.04"]

1. e4 e6 2. d4 Ne7 3. Bd3 d5 4. Nf3 Nbc6 5. e5 Nb4 6. Be2 c5 7. c3 Nbc6 8. h4 h6 9. h5 Qb6 10. dxc5 Qxc5 11. b4 Qb6 12. Na3 Bd7 13. Be3 Qd8 14. Nb5 Nc8 15. Rh3 a6 16. Nbd4 Nxd4 17. Nxd4 Qc7 18. Bf4 Nb6 19. a4 Nc4 20. Bxc4 Qxc4 21. Qe2 Rc8 22. Qxc4 Rxc4 23. Rd3 Be7 24. Ne2 O-O 25. Rd4 Rfc8 26. Kd2 Rxd4+ 27. Nxd4 Rc4 28. Be3 f6 29. f4 Bd8 30. a5 Bc7 31. exf6 gxf6 32. Rf1 Kg7 33. Rf3 e5 34. Ne2 Bg4 35. Rg3 f5 36. Bc5 Re4 37. Nc1 Rxf4 38. Rd3 Rf1 39. Kc2 d4 40. cxd4 f4 41. Rc3 e4 42. Be7 Bb8 43. d5 Rf2+ 44. Kb3 Be5 45. Nd3 exd3 0-1

[Event "HES"]
[Site "?"]
[Date "1998.??.??"]
[Round "3"]
[White "Kuprejchik Viktor"]
[Black "Scherer Max"]
[Result "1-0"]
[WhiteElo "2505"]
[BlackElo "2305"]
[PlyCount "81"]
[EventDate "1998.??.??"]
[Source "www.chesslib.no"]
[SourceDate "2004.05.04"]

1. e4 e6 2. d4 b6 3. Bd3 Bb7 4. Nf3 c5 5. O-O Nf6 6. Re1 c4 7. Bxc4 Nxe4 8. d5 Nd6 9. Bb3 Be7 10. Nc3 O-O 11. Bf4 Na6 12. a3 Nf5 13. Qd2 Rc8 14. Rad1 Bf6 15. Be5 Nc5 16. Ba2 Bxe5 17. Nxe5 d6 18. Nc4 e5 19. b4 Nd7 20. Nb5 Rxc4 21. Bxc4 Qb8 22. Qg5 g6 23. Bd3 h6 24. Qd2 Ne7 25. Qxh6 Bxd5 26. Bxg6 fxg6 27. Rxd5 Rf6 28. Rd3 Nf5 29. Qd2 Re6 30. Rd1 e4 31. Rxd6 Nxd6 32. Qd5 Nf8 33. Nxd6 Qd8 34. c4 Qh4 35. Re1 Qe7 36. Nxe4 Kg7 37. f3 Re5 38. Qd4 Kh6 39. Re3 g5 40. Nd6 Ng6 41. Rxe5 1-0

[Event "SWE Ch"]
[Site "Malmo SWE"]
[Date "1986.??.??"]
[Round "?"]
[White "Winsnes, Rikard"]
[Black "Karlsson, Lars C-G"]
[Result "0-1"]
[WhiteElo "2290"]
[BlackElo "2520"]
[PlyCount "66"]
[EventDate "1986.07.??"]
[Source "www.chesslib.no"]
[SourceDate "2004.05.04"]

1. e4 e6 2. d4 b6 3. Nf3 Bb7 4. Bd3 d6 5. O-O Nd7 6. Re1 Ne7 7. Bg5 h6 8. Bc1 a6 9. Nbd2 g6 10. Nf1 Bg7 11. c3 O-O 12. Bf4 e5 13. dxe5 dxe5 14. Bg3 Nc8 15. Bc4 Qe7 16. Bd5 c6 17. Bb3 Nc5 18. Bc2 Rd8 19. Qe2 a5 20. Red1 Nd6 21. N1d2 Ba6 22. Qe3 Kh7 23. b4 axb4 24. cxb4 Nd7 25. Bd3 Nb5 26. Rdc1 c5 27. bxc5 Nxc5 28. Bc4 Nd4 29. Bxa6 Rxa6 30. Nc4 Nxf3+ 31. gxf3 h5 32. Nxb6 Rxb6 33. Rxc5 h4 0-1

[Event "SWE Ch"]
[Site "Malmo SWE"]
[Date "1986.??.??"]
[Round "?"]
[White "Bator, Robert"]
[Black "Karlsson, Lars C-G"]
[Result "1/2-1/2"]
[WhiteElo "2285"]
[BlackElo "2520"]
[PlyCount "58"]
[EventDate "1986.07.??"]
[Source "www.chesslib.no"]
[SourceDate "2004.05.04"]

1. e4 e6 2. d4 b6 3. Nf3 Bb7 4. Bd3 d6 5. c4 Nd7 6. Nc3 a6 7. O-O g6 8. d5 Bg7 9. Be3 Ngf6 10. Nd4 Qe7 11. b4 O-O 12. Rc1 Kh8 13. h3 Rfe8 14. Re1 Qf8 15. Bc2 Bh6 16. Ba4 Bxe3 17. Rxe3 e5 18. Bxd7 Nxd7 19. Nc6 Qh6 20. Na4 Nf6 21. c5 Bxc6 22. dxc6 dxc5 23. bxc5 b5 24. Nb6 Rad8 25. Qf3 Re6 26. Nd5 Kg7 27. Nxc7 Rxc6 28. Nd5 a5 29. Nxf6 Rxf6 1/2-1/2

[Event "Corr"]
[Site "?"]
[Date "1997.??.??"]
[Round "?"]
[White "Halwick Floyd J Jr"]
[Black "Neven Knut G"]
[Result "1-0"]
[WhiteElo "2430"]
[BlackElo "2375"]
[PlyCount "93"]
[EventDate "1997.??.??"]
[Source "www.chesslib.no"]
[SourceDate "2004.05.04"]

1. e4 e6 2. d4 d5 3. Be3 Nf6 4. e5 Nfd7 5. f4 c5 6. c3 Nc6 7. Nf3 Qb6 8. Qd2 a5 9. Be2 Be7 10. O-O f5 11. Bf2 O-O 12. c4 dxc4 13. Na3 Nxd4 14. Nxd4 c3 15. Qxc3 cxd4 16. Bxd4 Bb4 17. Qe3 Qxd4 18. Qxd4 Bc5 19. Rfd1 b6 20. Rac1 Bxd4+ 21. Rxd4 Nc5 22. Rd6 Rb8 23. Nc4 Ne4 24. Rxb6 Bd7 25. b3 Rxb6 26. Nxb6 Rd8 27. Rc7 Be8 28. h4 h6 29. Bc4 Bf7 30. Ra7 Rd1+ 31. Kh2 Nf2 32. Rxa5 Rh1+ 33. Kg3 Ne4+ 34. Kf3 Rxh4 35. Ra8+ Kh7 36. Nd7 g5 37. Nf8+ Kg7 38. Nxe6+ Bxe6 39. Bxe6 Rxf4+ 40. Ke3 Nf2 41. Ra7+ Kh8 42. Ra5 Ng4+ 43. Kd3 Rf2 44. Bc4 Kg7 45. Ra7+ Kg6 46. Bf7+ Kg7 47. Bh5+ 1-0

[Event "Regency Masters B"]
[Site "Ramsgate"]
[Date "1979.??.??"]
[Round "3"]
[White "Van der Sterren, Paul"]
[Black "Basman, Michael J"]
[Result "1-0"]
[WhiteElo "2400"]
[BlackElo "2405"]
[PlyCount "55"]
[EventDate "1979.10.30"]
[Source "www.chesslib.no"]
[SourceDate "2004.05.04"]

1. e4 e6 2. d4 a6 3. Nf3 b5 4. Bd3 c5 5. c3 Bb7 6. O-O Nf6 7. Nbd2 Nc6 8. dxc5 Bxc5 9. e5 Nd5 10. Ne4 Be7 11. a4 Qb8 12. axb5 axb5 13. Rxa8 Bxa8 14. Nd6+ Bxd6 15. exd6 O-O 16. b3 f5 17. Bb2 Nf4 18. Re1 Rf6 19. Bf1 Rg6 20. g3 Qb6 21. Qd2 Rg4 22. Ra1 Qb7 23. h3 Na7 24. Rxa7 Qxa7 25. hxg4 Ng6 26. gxf5 Qb7 27. Bg2 Ne5 28. Qg5 1-0

[Event "Aaronson Masters"]
[Site "London ENG"]
[Date "1979.??.??"]
[Round "8"]
[White "Van der Sterren, Paul"]
[Black "Basman, Michael J"]
[Result "1-0"]
[WhiteElo "2400"]
[BlackElo "2405"]
[PlyCount "45"]
[EventDate "1979.04.12"]
[Source "www.chesslib.no"]
[SourceDate "2004.05.04"]

1. e4 e6 2. d4 a6 3. Nf3 b5 4. Bd3 c5 5. c3 Bb7 6. O-O Nf6 7. Re1 Qb6 8. Nbd2 g5 9. Nxg5 cxd4 10. cxd4 Qxd4 11. Ndf3 Qb6 12. Ne5 Qd4 13. Nexf7 Rg8 14. Be3 Qxb2 15. Rb1 Qa3 16. e5 Nd5 17. Bxh7 Rg7 18. Qh5 Nxe3 19. Nd6+ Kd8 20. Rxe3 Qxa2 21. Ngf7+ Kc7 22. Ne8+ Kb6 23. Nxg7 1-0

[Event "First Saturday GM - Ottobre 2007"]
[Site "Budapest UNG"]
[Date "2007.10.13"]
[Round "7"]
[White "Arjun, Vishnuvardhan"]
[Black "Rajlich, Iweta"]
[Result "1-0"]
[WhiteElo "2394"]
[BlackElo "2411"]
[PlyCount "123"]
[EventDate "2007.10.07"]
[Source "www.chesslib.no"]
[SourceDate "2004.05.04"]

1. e4 e6 2. d4 d5 3. Bd3 Nc6 4. c3 dxe4 5. Bxe4 Nf6 6. Bf3 Bd6 7. Ne2 O-O 8. O-O e5 9. Bxc6 bxc6 10. dxe5 Bxe5 11. Bf4 Bxf4 12. Nxf4 Ba6 13. Re1 Qxd1 14. Rxd1 g5 15. Nh3 Rab8 16. b3 Rbd8 17. Na3 h6 18. c4 Bc8 19. Nc2 c5 20. Ne3 Rd4 21. f3 Re8 22. Kf2 Bxh3 23. gxh3 Red8 24. Rxd4 cxd4 25. Nf5 Kh7 26. Rd1 c5 27. b4 cxb4 28. Rxd4 Rc8 29. Rd6 Ng8 30. Ne3 Rc7 31. Ke2 Ne7 32. Kd3 Nc6 33. c5 a5 34. Kc4 a4 35. Nd5 Rc8 36. Nxb4 Nxb4 37. Kxb4 Kg7 38. c6 Kf8 39. Rxh6 Ke7 40. Kxa4 Ra8+ 41. Kb3 Ra5 42. h4 gxh4 43. Rxh4 Rf5 44. Rc4 Kd8 45. c7+ Kc8 46. f4 Rb5+ 47. Kc3 Rh5 48. Kd4 Rxh2 49. a4 Rh6 50. Rc5 Rd6+ 51. Ke5 Rh6 52. a5 Ra6 53. Kd5 Rf6 54. Kc4 Rh6 55. Kb5 Rh1 56. a6 Rb1+ 57. Kc6 Ra1 58. Kb6 f6 59. a7 Rb1+ 60. Rb5 Ra1 61. Ra5 Rb1+ 62. Kc5 1-0

[Event "Bristol Open"]
[Site "Bristol ENG"]
[Date "1980.??.??"]
[Round "4"]
[White "Pritchett, Craig W"]
[Black "Basman, Michael J"]
[Result "0-1"]
[WhiteElo "2390"]
[BlackElo "2405"]
[PlyCount "118"]
[EventDate "1980.??.??"]
[Source "www.chesslib.no"]
[SourceDate "2004.05.04"]

1. e4 e6 2. d4 a6 3. c4 b5 4. cxb5 axb5 5. Bxb5 Bb7 6. Nc3 Bb4 7. Bd3 f5 8. Qh5+ g6 9. Qe2 Nf6 10. Bg5 fxe4 11. Bxe4 Nxe4 12. Bxd8 Nxc3 13. bxc3 Bxc3+ 14. Kd1 Bxa1 15. Qb5 Bd5 16. Bxc7 O-O 17. Ne2 Rxa2 18. Bxb8 Rb2 19. Qxb2 Bxb2 20. Bg3 Bxg2 21. Rg1 Bf3 22. Kc2 Ba3 23. Nc3 Be7 24. Rb1 Kg7 25. Rb8 Rf7 26. Be5+ Kh6 27. Bg3 Bc6 28. Nd1 Ba4+ 29. Kd2 Bxd1 30. Kxd1 Rf5 31. Ke2 Bf6 32. Ke3 Rd5 33. Rb4 g5 34. Ke4 Kg6 35. Be5 Bxe5 36. dxe5 Rd1 37. Rb7 Rh1 38. Rxd7 Rxh2 39. Kf3 h5 40. Kg3 Rh4 41. f3 Rb4 42. Re7 Kf5 43. Rg7 Rb3 44. Rf7+ Kxe5 45. Rh7 h4+ 46. Kg4 Rb1 47. f4+ gxf4 48. Rxh4 Ke4 49. Kg5 e5 50. Kf6 Rb6+ 51. Kg5 Rb8 52. Kf6 Kd4 53. Ke6 Rb5 54. Kf5 Ke3 55. Rh1 e4+ 56. Kg4 f3 57. Re1+ Kd3 58. Kf4 f2 59. Ra1 e3 0-1

[Event "BCF-ch"]
[Site "Ayr"]
[Date "1978.08.18"]
[Round "11"]
[White "Mestel, A Jonathan"]
[Black "Clarke, Peter H"]
[Result "1/2-1/2"]
[WhiteElo "2450"]
[BlackElo "2345"]
[PlyCount "69"]
[EventDate "1978.08.07"]
[Source "www.chesslib.no"]
[SourceDate "2004.05.04"]

1. e4 e6 2. d4 b6 3. Bd3 Bb7 4. Nf3 c5 5. c3 cxd4 6. cxd4 Nf6 7. Nc3 Be7 8. O-O d5 9. e5 Nfd7 10. Bf4 Nc6 11. Rc1 a6 12. Ne2 b5 13. a3 Nb6 14. Ng3 h5 15. Re1 Nc4 16. Bxc4 bxc4 17. Qd2 Na5 18. Qe3 Nb3 19. Rc3 Bc6 20. Bg5 Rb8 21. Ne2 Na5 22. Rb1 Ba4 23. h4 Rb3 24. Bxe7 Qxe7 25. Nd2 Rxc3 26. Qxc3 Nb3 27. Nxb3 Bxb3 28. Nc1 Bd1 29. b3 Qxa3 30. Nd3 Bxb3 31. Nc5 Qa2 32. Rb2 Qa3 33. Rb1 Qa2 34. Rb2 Qa3 35. Rb1 1/2-1/2